书目信息 |
| 题名: |
经济法基础知识
|
|
| 作者: | 经济法基础知识编写组 | |
| 分册: | ||
| 出版信息: | 北京 中国财政经济出版社 1986 |
|
| 页数: | 299页 | |
| 开本: | 20cm | |
| 丛书名: | ||
| 单 册: | ||
| 中图分类: | D922.290.1 , D941 | |
| 科图分类: | ||
| 主题词: | 经济法--教材 | |
| 电子资源: | ||
| ISBN: | 7-5005-0299-0 | |
| 000 | 00650nam0 2200241 450 | |
| 001 | 012001007467 | |
| 005 | 20110908101540.0 | |
| 010 | @a7-5005-0299-0@dCNY2.3 | |
| 011 | @a7-5005-0299-0 | |
| 100 | @a20110908d1986 em y0chiy0121 ea | |
| 101 | 0 | @achi |
| 102 | @aCN@b110000 | |
| 105 | @ay z 000yy | |
| 106 | @ar | |
| 200 | 1 | @a经济法基础知识@9Jing Ji Fa Ji Chu Zhi Shi;Zhi @f经济法基础知识编写组 |
| 210 | @a北京@c中国财政经济出版社@d1986 | |
| 215 | @a299页@d20cm | |
| 300 | @a中等财经学校教材 | |
| 606 | 0 | @a经济法@j教材 |
| 690 | @aD922.290.1@v4 | |
| 690 | @aD941@v4 | |
| 801 | 0 | @aCN@bAzMarc@c20130904 |
| 905 | @aBZT@dD92@e72@f30@sD92/72 | |
| 经济法基础知识/经济法基础知识编写组.-北京:中国财政经济出版社,1986 |
| 299页;20cm |
| 中等财经学校教材 |
| ISBN 7-5005-0299-0:CNY2.3 |
| ● |
| 相关链接 |
|
|
|
正题名:经济法基础知识
索取号:D92/72
 
预约/预借
| 序号 | 登录号 | 条形码 | 馆藏地/架位号 | 状态 | 备注 |
| 1 | 2000099374 | 2000099374 | 旧书回溯/ [索取号:D92/72] | 在馆 | |
| 2 | 2000099375 | 2000099375 | 旧书回溯/ [索取号:D92/72] | 在馆 | |
| 3 | 2000099390 | 2000099390 | 旧书回溯/ [索取号:D92/72] | 在馆 | |
| 4 | 2000099391 | 2000099391 | 旧书回溯/ [索取号:D92/72] | 在馆 | |
| 5 | 2000099392 | 2000099392 | 旧书回溯/ [索取号:D92/72] | 在馆 | |
| 6 | 2000099393 | 2000099393 | 旧书回溯/ [索取号:D92/72] | 在馆 | |
| 7 | 2000099394 | 2000099394 | 旧书回溯/ [索取号:D92/72] | 在馆 | |
| 8 | 2000099395 | 2000099395 | 旧书回溯/ [索取号:D92/72] | 在馆 | |
| 9 | 2000099396 | 2000099396 | 旧书回溯/ [索取号:D92/72] | 在馆 | |
| 10 | 2000099397 | 2000099397 | 旧书回溯/ [索取号:D92/72] | 在馆 | |
| 11 | 2000099398 | 2000099398 | 旧书回溯/ [索取号:D92/72] | 在馆 | |
| 12 | 2000099399 | 2000099399 | 旧书回溯/ [索取号:D92/72] | 在馆 | |
| 13 | 2000102269 | 2000102269 | 旧书回溯/ [索取号:D92/72] | 在馆 | |
| 14 | 2000107623 | 2000107623 | 旧书回溯/ [索取号:D92/72] | 在馆 | |
| 15 | 2000108370 | 2000108370 | 旧书回溯/ [索取号:D92/72] | 在馆 | |
| 16 | 2000108389 | 2000108389 | 旧书回溯/ [索取号:D92/72] | 在馆 | |
| 17 | 2000109566 | 2000109566 | 旧书回溯/ [索取号:D92/72] | 在馆 | |
| 18 | 2000114652 | 2000114652 | 旧书回溯/ [索取号:D92/72] | 在馆 | |
| 19 | 2000114924 | 2000114924 | 旧书回溯/ [索取号:D92/72] | 在馆 | |
| 20 | 2000115296 | 2000115296 | 旧书回溯/ [索取号:D92/72] | 在馆 | |
| 21 | 2000115297 | 2000115297 | 旧书回溯/ [索取号:D92/72] | 在馆 | |
| 22 | 2000115298 | 2000115298 | 旧书回溯/ [索取号:D92/72] | 在馆 | |
| 23 | 2000115299 | 2000115299 | 旧书回溯/ [索取号:D92/72] | 在馆 | |
| 24 | 2000115694 | 2000115694 | 旧书回溯/ [索取号:D92/72] | 在馆 | |
| 25 | 2000116026 | 2000116026 | 旧书回溯/ [索取号:D92/72] | 在馆 | |
| 26 | 2000116457 | 2000116457 | 旧书回溯/ [索取号:D92/72] | 在馆 | |
| 27 | 2000138420 | 2000138420 | 旧书回溯/ [索取号:D92/72] | 在馆 | |
| 28 | 2000138429 | 2000138429 | 旧书回溯/ [索取号:D92/72] | 在馆 | |
| 29 | 2000142055 | 2000142055 | 旧书回溯/ [索取号:D92/72] | 在馆 | |
| 30 | 2000147544 | 2000147544 | 旧书回溯/ [索取号:D92/72] | 在馆 |